000 00370nam a22001577a 4500
003 CEME
005 20210628202347.0
008 210302b xxu||||| |||| 00| 0 eng d
040 _c.
082 _a0333 WAS
100 _aChan, Lois Mai
_959549
245 _aCataloguing and classification, an introduction
250 _a2ND
260 _aNEW YORK
942 _cBK
_2ddc
999 _c569499
_d569499